| 000 | 01533nam a2200493 i 4500 | ||
|---|---|---|---|
| 001 | 20308 | ||
| 003 | KOSZ 005 | ||
| 005 | 20210521101439.0 | ||
| 008 | 000114s1981 pl f |000 0 pol | ||
| 015 | _aUWD 1981/8581 | ||
| 020 | _a8307004764 | ||
| 035 | _a991012734429705066 | ||
| 035 | _a(PL-WaBN)b13441899-48omnis_nlop | ||
| 035 | _ab13441899 | ||
| 035 | _a(OCoLC)830209382 | ||
| 035 | _a(PL)b0000001344189 | ||
| 035 | _a(EXLNZ-48OMNIS_NETWORK)9910206225605606 | ||
| 040 |
_aWA N _cWA N _dKR U _dKOSZ 005/HR |
||
| 041 | 0 | _apol | |
| 046 | _k1881 | ||
| 080 | _a316.64 | ||
| 080 | _a165 | ||
| 080 | _a141.82 | ||
| 100 | 1 |
_aRainko, Stanisław _eAutor |
|
| 245 | 1 | 0 |
_aŚwiadomość i determinizm : _bstudia nad społeczną determinacją świadomości / _cStanisław Rainko. |
| 260 |
_aWarszawa : _b"Czytelnik", _c1981. |
||
| 300 |
_a348, [3] s. ; _c20 cm. |
||
| 336 |
_aTekst _btxt _2rdacontent |
||
| 337 |
_aBez urządzenia pośredniczącego _bn _2rdamedia |
||
| 338 |
_aWolumin _bnc _2rdacarrier |
||
| 380 | _aKsiążki | ||
| 380 | _aPublikacje naukowe | ||
| 388 | _a1901-2000 | ||
| 388 | _a1945-1989 | ||
| 650 | 7 |
_aMarksizm _2DBN |
|
| 650 | 7 |
_aSocjologia _2DBN |
|
| 650 | 7 |
_aTeoria poznania _2DBN |
|
| 658 | _aSocjologia i społeczeństwo | ||
| 658 | _aFilozofia i etyka | ||
| 710 | 2 |
_aCzytelnik _4pbl |
|
| 856 |
_uhttp://koha.tu.koszalin.pl/cgi-bin/koha/opac-detail.pl?biblionumber=20308 _yKatalog online BPK |
||
| 942 |
_2UKD _cKS |
||
| 999 |
_c20308 _d20308 |
||